Bristol Suburb Quiz - Statistics

General Stats
  • This quiz has been taken 520 times
  • The average score is 18 of 50
Answer Stats
Hint Answer % Correct
BS8 Clifton
87%
BS3 Bedminster
75%
BS6 Redland
68%
BS7/BS34 Filton
67%
BS2 St Paul's
60%
BS5 Easton
58%
BS5 Fishponds
58%
BS4 Knowle
57%
BS4 Brislington
51%
BS11 Avonmouth
50%
BS15 Kingswood
50%
BS10 Southmead
49%
BS7 Horfield
45%
BS9 Henleaze
44%
BS6 Cotham
43%
BS32 Bradley Stoke (SG)
41%
BS9/BS10 Westbury-on-Trym
40%
BS13 Hartcliffe
39%
BS11 Shirehampton
38%
BS5 St George
38%
BS9 Stoke Bishop
38%
BS7 Bishopston
37%
BS5 Eastville
37%
BS10 Henbury
37%
BS1 St Mary Redcliffe
37%
BS14 Hengrove
35%
BS3 Southville
35%
BS34 Patchway (SG)
34%
BS9 Sea Mills
30%
BS34 Stoke Gifford
30%
BS7 Stokes Croft
29%
BS14 Whitchurch
29%
BS1 Broadmead
28%
BS1 Cabot
27%
BS7 Lockleaze
27%
BS7 Ashley Down
25%
BS11 Lawrence Weston
25%
BS5 Lawrence Hill
24%
BS14 Stockwood
20%
BS13 Bishopsworth
19%
BS16 Emerson's Green (SG)
19%
BS32 Almondsbury
17%
BS10 Brentry
17%
BS3 Windmill Hill
17%
BS9 Sneyd Park
14%
BS6 Westbury Park
13%
BS8 Leigh Woods (NS)
12%
BS16 Filwood
10%
BS34 Charlton Hayes
6%
BS8 Failand
5%
No matching quizzes found
Score Distribution
Percent of People with Each Score
Percentile by Number Answered
Your Score History
You have not taken this quiz